00981cam a2200265 a 45000010009000000050017000090080041000260100017000670200015000840250027000990350022001260400013001480420010001610430012001710500021001830820018002041000021002222450048002432600086002913000026003775050219004036500023006226500031006456510039006761366730420221220092624.0020912s2001 pk b 001 0 eng  a 2002342054 a9694082188 aP-E-2002342054; 07; 08 a(DLC) 2002342054 aDLCcDLC alcode aa-pk---00aDS384b.M85 2001 a320.50954,MUJ1 aMujahid, Sharif.10aIdeology of Pakistan / cSharif al-Mujahid. aIslamabad :bIslamic Research Institute, International Islamic University,c2001. axxx, 236 p. ;c22 cm. aThe need for an ideology (Page-1), The historical base (Page-18), The basis of muslim nationhood and of Pakistan (Page-49), Bangladesh: ideological disruption? (Page-85), Ideology: the basic ingredients (Page-126). 0aPakistan movement. 0aIslam and statezPakistan. 0aPakistanxPolitics and government.